书目信息 |
| 题名: |
房屋建筑学课程设计
|
|
| 作者: | 卫涛 , 何玭 , 沈佳燕, 主编 | |
| 分册: | ||
| 出版信息: | 武汉 华中科技大学出版社 2022.01 |
|
| 页数: | 108页 | |
| 开本: | 26x37cm | |
| 丛书名: | 普通高等学校“十四五”规划土木专业精品教材 | |
| 单 册: | ||
| 中图分类: | TU22 | |
| 科图分类: | ||
| 主题词: | 房屋建筑学--fang wu jian zhu xue--课程设计--高等学校--教材 | |
| 电子资源: | ||
| ISBN: | 978-7-5680-7663-0 | |
| 000 | 01354nam 22003130 450 | |
| 001 | 28848 | |
| 005 | 20221011103350.40 | |
| 010 | @a978-7-5680-7663-0@dCNY58.00 | |
| 100 | @a20220328d2022 em y0chiy50 ea | |
| 101 | 0 | @achi |
| 102 | @aCN@b420000 | |
| 105 | @aak z 000yy | |
| 106 | @ad | |
| 200 | 1 | @a房屋建筑学课程设计@Afang wu jian zhu xue ke cheng she ji@f主编卫涛, 何玭, 沈佳燕 |
| 205 | @a第2版 | |
| 210 | @a武汉@c华中科技大学出版社@d2022.01 | |
| 215 | @a108页@c图@d26x37cm | |
| 225 | 2 | @a普通高等学校“十四五”规划土木专业精品教材@Apu tong gao deng xue xiao “ shi si wu ” gui hua tu mu zhuan ye jing pin jiao cai |
| 312 | @a英文题名取自封面 | |
| 330 | @a本书内容配合房屋建筑学课程中的理论知识, 讲解如何进行建筑设计的实践活动, 使学生了解一般民用建筑设计的设计原理, 掌握建筑设计的基本方法和步骤, 培养学生综合运用所学知识来分析和解决问题的能力, 让学生达到既能进行建筑方案设计和扩大初步设计, 又能绘制建筑施工图的水平。 | |
| 410 | 0 | @12001 @a普通高等学校“十四五”规划土木专业精品教材 |
| 510 | 1 | @aCurricula design of building architecture@zeng |
| 606 | 0 | @a房屋建筑学@Afang wu jian zhu xue@x课程设计@x高等学校@j教材 |
| 690 | @aTU22@v5 | |
| 701 | 0 | @a卫涛@Awei tao@4主编 |
| 701 | 0 | @a何玭@Ahe pin@4主编 |
| 701 | 0 | @a沈佳燕,@Ashen jia yan@f1997-@4主编 |
| 801 | 0 | @aCN@c20220910 |
| 905 | @a河南城建学院图书馆@dTU22@eW565=2@f2 | |
| 房屋建筑学课程设计/主编卫涛, 何玭, 沈佳燕.-第2版.-武汉:华中科技大学出版社,2022.01 |
| 108页:图;26x37cm.-(普通高等学校“十四五”规划土木专业精品教材) |
| ISBN 978-7-5680-7663-0:CNY58.00 |
| 本书内容配合房屋建筑学课程中的理论知识, 讲解如何进行建筑设计的实践活动, 使学生了解一般民用建筑设计的设计原理, 掌握建筑设计的基本方法和步骤, 培养学生综合运用所学知识来分析和解决问题的能力, 让学生达到既能进行建筑方案设计和扩大初步设计, 又能绘制建筑施工图的水平。 |
| ● |
| 相关链接 |
|
|
|
正题名:房屋建筑学课程设计
索取号:TU22/W565=2
 
预约/预借
| 序号 | 登录号 | 条形码 | 馆藏地/架位号 | 状态 | 备注 |
| 1 | 1582006 | 215820066 | 建筑库101/101建筑库 46排2列1层/ [索取号:TU22/W565=2] | 在馆 | |
| 2 | 1582007 | 215820075 | 建筑库101/101建筑库 46排2列1层/ [索取号:TU22/W565=2] | 在馆 |